01344agaaa2200313 45000010005000000030009000050050017000140070009000310080040000400400023000800410013001031000052001161300015001682400023001832450142002062460016003482500022003642600099003863000034004855080139005195110090006585200019007485380016007675460013007836500052007967000062008487000064009107000056009749779IT-RoPAU20220918181235.0d cvaizq50131s9999||||xx ||| | || ||und|| aIT-RoPAUcIT-RoPAU aITALIANO aFrankenheimer JohngCodice regista SPICS: 13316 aTRENO (IL) aTRAIN (THE)gT2343 aTRENO (IL)cSceneggiatura: Coen Franklin Davis Frank -- Diretto da: Frankenheimer JohnpTRENO (IL) (Rif. Codice opera principale : 99779) aTRAIN (THE) aEdizione Standard aPARIGI - ROMA (STATI UNITI)bARIANE - DEAR / g"1964 (1° ed.: 1991 ; Ed. Lingua Orig.: 1964)" aVHSbsonoro, col.c140 minuti a"Fotografia: Tournier J. Wottitz ; Montaggio: Bretherton D. Bonnot; Musica: Jarre Maurice; Sceneggiatura: Coen Franklin Davis Frank; " a"Lancaster Burt; Moreau Jeanne; Simon Michel; Scofield Paul; Flon Suzanne; Preiss W." aFILM DI GUERRA aPAL, STEREO aITALIANO aGUERRAeFILMS [VHS]xCodice MATERIA SPICS: 9960 aFarrel B.e(regista)gCodice secondo regista SPICS: 34312 aFrankenheimer John e(regista)gCodice regista SPICS: 13316 aJarre Mauricee(musica)gCodice Musica SPICS: 10958